Kadra Manchesteru City w Premier League 2015/16 - Statystyki

Ogólne statystyki
  • Ten quiz został rozwiązany 44 razy
  • Średni wynik to 14 z 24
Statystyki odpowiedzi
Numer Narodowość Zawodnik % Poprawnych
10 Argentyna Sergio Agüero
100%
1 Anglia Joe Hart
94%
17 Belgia Kevin de Bruyne
89%
4 Belgia Vincent Kompany
89%
21 Hiszpania David Silva
86%
42 WKS Yaya Toure
86%
7 Anglia Raheem Sterling
81%
25 Brazylia Fernandinho
69%
8 Francja Samir Nasri
69%
5 Argentyna Pablo Zabaleta
67%
11 Serbia Aleksandar Kolarov
64%
30 Argentyna Nicolas Otamendi
61%
3 Francja Bacary Sagna
50%
72 Nigeria Kelechi Iheanacho
50%
15 Hiszpania Jesus Navas
47%
22 Francja Gael Clichy
44%
6 Brazylia Fernando
42%
14 WKS Wilfried Bony
42%
13 Argentyna Willy Caballero
39%
20 Francja Eliaquim Mangala
36%
26 Argentyna Martin Demichelis
33%
18 Anglia Fabian Delph
22%
29 Anglia Richard Wright
6%
47 Australia Luke Brattan
0%
Nie znaleziono quizów pasujących do podanych kryteriów
Rozkład punktacji
Procent ludzi z każdym wynikiem
Percentyl według liczby udzielonych odpowiedzi
Twoja historia wyników
Nie rozwiązałeś tego quizu